| 000 | 01183nam a2200361Ia 4500 | ||
|---|---|---|---|
| 003 | OSt | ||
| 005 | 20220912144953.0 | ||
| 006 | a|||||r|||| 00| 0 | ||
| 007 | ta | ||
| 008 | 220909b |||||||| |||| 00| 0 eng d | ||
| 020 | _a9783540684077 (pbk) | ||
| 024 | _a84318 | ||
| 037 | _b1793, 12/03/2009, New India Book Agency | ||
| 037 | _cTextbook | ||
| 040 |
_aCSL _beng _cCSL |
||
| 041 | _aeng | ||
| 082 | _aB316OaX, P9 TB | ||
| 100 | _aNaimzada Ahmad K Ed. | ||
| 245 | 0 | _aNetworks, topology and dynamics:theory and applications to economics and social systems | |
| 260 |
_aBerlin _bSpringer _c2009 |
||
| 300 |
_avii, 291p. _ccm. |
||
| 490 | _aLecture notes in economics and mathematical systems, 613 | ||
| 500 | _aIncludes bibliographical references. | ||
| 650 | _a Computer Science | ||
| 650 | _a Dynamics | ||
| 650 | _a System analysis | ||
| 650 | _a Topology | ||
| 650 | _aMathematics | ||
| 700 | _a Stefani Silvana Ed. | ||
| 700 | _a Torriero Anna Ed. | ||
| 942 |
_hB316OaX, P9 TB _cTB _2CC |
||
| 999 |
_c19851 _d19851 |
||